| 000 | 00616nam a2200217 a 4500 | ||
|---|---|---|---|
| 001 | 5997 | ||
| 003 | CDMR | ||
| 005 | 20131112180741.0 | ||
| 008 | 130220s1994||||||||||||||||||||||||||||d | ||
| 020 | _a8425326389 | ||
| 040 |
_aCDMR _bcat _cCDMR |
||
| 100 | 1 |
_aRivière, Margarita _9849 |
|
| 245 | 1 | 0 |
_aPeriodista _cMargarita Rivière |
| 260 |
_aBarcelona _bGrijalbo _c1994 |
||
| 300 |
_a242 p ; _c17 cm |
||
| 490 | 0 | _aProfesiones con futuro | |
| 650 | 0 | 4 |
_92030 _aPeriodisme _xOrientació professional |
| 650 | 0 | 4 |
_93782 _aPeriodistes _xPràctica professional |
| 650 | 0 | 4 |
_92734 _aPeriodisme _xEnsenyament |
| 942 |
_cMON _2udc |
||
| 999 |
_c5997 _d5997 |
||